000 00507nam a2200169Ia 4500
003 GCL
008 140319s9999 xx 000 0 ara d
040 _aGCL /
_cGCL
082 0 4 _a398.2
_bدح
100 1 _aدار الثقافة
245 1 0 _aحكم وامثال /
_cدار الثقافة
260 _a[S.N] :
_bدار الثقافة العربية ،
_c1988
300 _a56 ص
490 _aكتب الموضوعات الكتابية
_v0
650 0 4 _aالامثال العربية
942 _2ddc
_cBK
999 _c54304
_d54304